000
00290nam a2200109Ia 4500
008
190919s9999||||xx |||||||||||||| ||und||
100
_a
Low, Nakayama
245
0
_a
Science Technology, and Society in Contemporary Japan
260
_a
New Delhi
_b
Prentice
_c
1999
300
_a
276
942
_c
BK
999
_c
10614
_d
10614